Liv and Maddie (hard) - Statistics

General Stats
  • This quiz has been taken 511 times
    509 since last reset
  • The average score is 11 of 22
Answer Stats
Question Answer % Correct
Which twin is older? Liv
98%
What is Maddie's jersey number? 5
83%
What color suit and dress did Willow and Artie wear to the dance? Lavender
82%
How old where the twins in the first season? 15
81%
What is Liv short for? Olivia
81%
Who is Artie's unlikely brother? Diggy
78%
What is the boys new California school? BOOMS
71%
What did Maddie use to teach Liv basketball? Shoes
71%
What was Rigewood high's new mascot? Bobby butter stick
63%
What did Liv do to be at the cheddar brat fest? Cut her hair
55%
What is Diggy's real name? Digbert
44%
Who replaced Justin Timberlake on sing it live? Johnny Nimbus
44%
Where does Ocean live? A sunflower farm
36%
What is Splat, Parker and Reggie's attack game called? CRANISSA
35%
What is Willow's last name? Cruz
35%
What is Joey's middle name? Gilligan
34%
What is Evan's middle school nickname? Vampire
33%
What is Artie mom's name? Amy
30%
"I-I just don't know how to respond when you say stuff like that"—Liv said that to--- Andy
27%
What was Josh's version of Maddie's "BAM WHAT?!" Boom howdy
27%
What was the knock off version of space werewolfs? Lunar foxes
21%
What did Finch call the old BOOMS mascot? A poop in a shower cap
17%
No matching quizzes found
Score Distribution
Percent of People with Each Score
Percentile by Number Answered
Your Score History
You have not taken this quiz since the last reset